000 01357nam2a2200277 4500
001 RU\NLR\BIBL_A\022726489
005 20260415142602.0
010 _a978-5-6055095-1-6
_9100
021 _aRU
_bКН-П-25-077589
_9КН-П-25-7524
021 _aRU
_bКН-П-25-077589
_9КН-П-25-7524
035 _a(NLR Aleph) 022726489
090 _a13688200
_c13688200
100 _a20260212d2025 u y0rusy50 ca
101 0 _arus
102 _aRU
105 _aa z 000zy
200 0 _a2025
210 _d2025
215 _a116, [3] с.
_cил.
327 0 _aСодерж.: авт.: Анна Георгиева, Лариса Гребенюк, С. Г. Малиновски, Елена Наливина, Саша Русский, Виктория Лебедева, Марина Шехватова, Александр Швецов, Наталья Дрёмова, Марат Муниров [и др.]
333 _a14+
461 0 _1001RU\NLR\BIBL_A\022784347
_12001#$aZигZаги Vойны$eсборник произведений о войне$fсоставитель: Малышев С. Н.$v2025
_913689578
_cСимферополь
_d2024-
_fсоставитель: Малышев С. Н.
_nСеЖеГа
_oсборник произведений о войне
_tZигZаги Vойны
_v2025
942 _cBOOK
980 _aNB